=LDR 00000nam 2200000 4500 =001 INLIS000000000038816 =005 20240531041852 =035 ##$$a 0010-061300000038816 =008 240531################g##########0#ind## =041 ##$$a Ind =082 ##$$a 813 =090 ##$$a 813, Fun t =100 ##$$a Funke, Cornelia =245 1#$$a Tintenherz inkhlart /$c Cornelia Funke; Alih bahasa, Dinah Lutucensina =260 ##$$a jakarta :$b Gramedia,$c 2009 =300 ##$$a 355 hlm., ; $c 24 cm =650 #4$$a Fiksi Remaja =850 ##$$a NBPNMAT =020 ##$$a 978-979-22-4271-3 =084 ##$$a 813 FUN t =990 ##$$a 21195860/BPAP-NTB/2014 =990 ##$$a 21195861/BPAP-NTB/2014 =990 ##$$a 0001/BPAP-NTB/20142015 =990 ##$$a 0001/BPAP-NTB/2016